000 00576nam a2200181 4500
001 131271
003 ES-MaACL
005 20230906193942.0
007 t|
008 070214s1967 sp r ||||1| spa d
100 1 _aRobinson, John Arthur Thomas
_cBishop of Woolwion.
_997896
245 1 3 _aLa Iglesia en el mundo /
_cJohn A. T. Robinson, Obispo de Woolwich ; [traducción de José Luis Lana].
250 _a1ª ed.
260 _aBarcelona :
_bEd. 62,
_c1967.
300 _a193 p. ;
_c19 cm.
700 1 _aLana, José Luis.
_969884
852 _aES-MaACL
_jC-32888
_bR.63726
999 _c131271
_d131271